[Event "Montreal Mercredi 04"]
[Site "Montreal CAN"]
[Date "2009.04.01"]
[Round "1"]
[White "Pomerantz, Daniel"]
[Black "Baran, Marius"]
[Result "1-0"]
[WhiteElo "1852"]
[BlackElo "1687"]
[PlyCount "45"]
[GameId "2160767910223003"]
[EventDate "2009.04.01"]
[EventType "tourn"]
[EventRounds "5"]
[EventCountry "CAN"]
[SourceTitle "EXT 2011"]
[Source "ChessBase"]
[SourceDate "2011.11.26"]
[SourceVersion "1"]
[SourceVersionDate "2011.11.26"]
[SourceQuality "1"]

1. e4 c5 2. Nf3 d6 3. d4 cxd4 4. Nxd4 Nf6 5. Nc3 g6 6. Be3 Bg7 7. f3 O-O 8. Qd2 Nc6 9. Bc4 Bd7 10. Bb3 a6 11. O-O-O Ne8 12. h4 h5 13. g4 hxg4 14. h5 gxh5 15. Rxh5 Nf6 16. Rh2 Nxd4 17. Bxd4 e5 18. Be3 gxf3 19. Bg5 Be6 20. Rg1 Re8 21. Bh6 Ng4 22. Bxg7 Kxg7 23. Qh6+ 1-0

[Event "Montreal Mercredi 04"]
[Site "Montreal CAN"]
[Date "2009.04.01"]
[Round "1"]
[White "Sonn, Eric"]
[Black "Wang, Kelly"]
[Result "0-1"]
[WhiteElo "1558"]
[BlackElo "1547"]
[PlyCount "40"]
[GameId "2160767739119969"]
[EventDate "2009.04.01"]
[EventType "tourn"]
[EventRounds "5"]
[EventCountry "CAN"]
[SourceTitle "EXT 2011"]
[Source "ChessBase"]
[SourceDate "2011.11.26"]
[SourceVersion "1"]
[SourceVersionDate "2011.11.26"]
[SourceQuality "1"]

1. e4 c5 2. Nf3 d6 3. Bb5+ Bd7 4. a4 Nf6 5. Qe2 a6 6. Bc4 Nc6 7. c3 Bg4 8. d3 Ne5 9. Nxe5 dxe5 10. f3 Bd7 11. d4 cxd4 12. cxd4 e6 13. dxe5 Qa5+ 14. Bd2 Qxe5 15. Nc3 Bc5 16. Be3 Bxe3 17. Qxe3 O-O 18. O-O Qc7 19. Be2 Bc6 20. Rac1 Rad8 {...} 0-1

[Event "Montreal Mercredi 04"]
[Site "Montreal CAN"]
[Date "2009.04.08"]
[Round "2"]
[White "Baran, Marius"]
[Black "Mathews, Theo"]
[Result "0-1"]
[WhiteElo "1687"]
[BlackElo "1721"]
[PlyCount "85"]
[GameId "2160767739119970"]
[EventDate "2009.04.01"]
[EventType "tourn"]
[EventRounds "5"]
[EventCountry "CAN"]
[SourceTitle "EXT 2011"]
[Source "ChessBase"]
[SourceDate "2011.11.26"]
[SourceVersion "1"]
[SourceVersionDate "2011.11.26"]
[SourceQuality "1"]

1. d4 d5 2. c4 e6 3. Nc3 f5 4. Qb3 Nf6 5. Bg5 c6 6. Nf3 Bd6 7. Rc1 O-O 8. cxd5 exd5 9. e3 h6 10. Bxf6 Qxf6 11. Bd3 Nd7 12. O-O Kh8 13. Na4 Rb8 14. Rc2 b5 15. Nc5 Nxc5 16. dxc5 Bc7 17. Qc3 Qxc3 18. Rxc3 Bd7 19. b4 g5 20. Ra3 Rb7 21. Ra6 Rf6 22. Rd1 Kg7 23. Kf1 Bb8 24. Nd4 Rc7 25. f4 Rc8 26. g3 Re8 27. Kf2 g4 28. Bc2 h5 29. a4 bxa4 30. Bxa4 Rc8 31. Bc2 Rc7 32. Rb1 Bc8 33. Ra5 Rb7 34. Bd3 Kf7 35. b5 Bc7 36. Raa1 cxb5 37. Bxb5 a6 38. c6 Rb6 39. Bd3 Rxb1 40. Rxb1 Ke7 41. Ra1 a5 42. Rb1 Kd8 43. Bb5 {...} 0-1

[Event "Montreal Mercredi 04"]
[Site "Montreal CAN"]
[Date "2009.04.08"]
[Round "2"]
[White "Brichko, Michael"]
[Black "Gauthier, Luc"]
[Result "0-1"]
[WhiteElo "1649"]
[BlackElo "1676"]
[PlyCount "50"]
[GameId "2160767910223004"]
[EventDate "2009.04.01"]
[EventType "tourn"]
[EventRounds "5"]
[EventCountry "CAN"]
[SourceTitle "EXT 2011"]
[Source "ChessBase"]
[SourceDate "2011.11.26"]
[SourceVersion "1"]
[SourceVersionDate "2011.11.26"]
[SourceQuality "1"]

1. d4 d5 2. c4 Nc6 3. Nf3 Bg4 4. e3 e6 5. Nc3 Bb4 6. h3 Bh5 7. Be2 Nf6 8. a3 Bxc3+ 9. bxc3 O-O 10. O-O Ne4 11. Bd2 Bxf3 12. Bxf3 Nxd2 13. Qxd2 Na5 14. Rab1 Nxc4 15. Qa2 Rb8 16. Be2 Nd6 17. Rfc1 c6 18. a4 Qh4 19. Rb3 f5 20. a5 f4 21. exf4 Qxf4 22. Rf1 Ne4 23. Bg4 Nd2 24. g3 Qh6 25. Bxe6+ Kh8 0-1

[Event "Montreal Mercredi 04"]
[Site "Montreal CAN"]
[Date "2009.04.08"]
[Round "2"]
[White "Chesnut, Walter"]
[Black "Millette, Sylvain"]
[Result "1-0"]
[WhiteElo "1657"]
[BlackElo "1660"]
[PlyCount "60"]
[GameId "2160767910223005"]
[EventDate "2009.04.01"]
[EventType "tourn"]
[EventRounds "5"]
[EventCountry "CAN"]

1. e4 Nf6 2. e5 Nd5 3. d4 d6 4. Nf3 Bg4 5. Be2 Nc6 6. c4 Nb6 7. Nc3 dxe5 8. Nxe5 Nxe5 9. Bxg4 Nxg4 10. Qxg4 Nxc4 11. O-O Qd7 12. Qf3 Nd6 13. Bf4 e6 14. d5 Be7 15. dxe6 fxe6 16. Be5 O-O-O 17. Bxg7 Rhg8 18. Be5 Nc4 19. Qe2 Qc6 20. Bg3 Rd2 21. Qh5 Ne3 22. Qh3 Nxf1 23. Rxf1 Rxb2 24. Qxh7 Re8 25. Be5 Bc5 26. Nd5 exd5 27. Bxb2 Bxf2+ 28. Kh1 Qb5 29. Qf5+ Kb8 30. Qxf2 Re2 1-0

[Event "Montreal Mercredi 04"]
[Site "Montreal CAN"]
[Date "2009.04.08"]
[Round "2"]
[White "Crezegut, Anthony"]
[Black "Antoine, Vladimir"]
[Result "1/2-1/2"]
[WhiteElo "1677"]
[BlackElo "1653"]
[PlyCount "47"]
[GameId "2160767910223007"]
[EventDate "2009.04.01"]
[EventType "tourn"]
[EventRounds "5"]
[EventCountry "CAN"]
[SourceTitle "EXT 2011"]
[Source "ChessBase"]
[SourceDate "2011.11.26"]
[SourceVersion "1"]
[SourceVersionDate "2011.11.26"]
[SourceQuality "1"]

1. d4 d5 2. Nf3 Nf6 3. e3 Bg4 4. h3 Bxf3 5. Qxf3 Nbd7 6. c4 c6 7. Nc3 e6 8. b3 Bb4 9. Bd2 Qa5 10. Rc1 Ne4 11. Nxe4 dxe4 12. Qd1 O-O 13. Bxb4 Qxb4+ 14. Qd2 a5 15. Qc3 e5 16. a4 exd4 17. Qxb4 axb4 18. exd4 c5 19. d5 Ne5 20. Be2 Ng6 21. f3 Rfe8 22. Kf2 Nf4 23. Rhe1 exf3 24. Kxf3 1/2-1/2

[Event "Montreal Mercredi 04"]
[Site "Montreal CAN"]
[Date "2009.04.08"]
[Round "2"]
[White "Landry, Martin"]
[Black "Wang, Kelly"]
[Result "1-0"]
[WhiteElo "1529"]
[BlackElo "1547"]
[PlyCount "95"]
[GameId "2160767910223008"]
[EventDate "2009.04.01"]
[EventType "tourn"]
[EventRounds "5"]
[EventCountry "CAN"]
[SourceTitle "EXT 2011"]
[Source "ChessBase"]
[SourceDate "2011.11.26"]
[SourceVersion "1"]
[SourceVersionDate "2011.11.26"]
[SourceQuality "1"]

1. d4 Nf6 2. c4 g6 3. Nc3 d5 4. cxd5 Nxd5 5. e4 Nxc3 6. bxc3 Bg7 7. Bc4 c5 8. Ne2 cxd4 9. cxd4 Nc6 10. Be3 O-O 11. O-O b6 12. Bd5 Bb7 13. Rc1 Rc8 14. Qa4 Qd7 15. Rfd1 e6 16. Bc4 Qe7 17. Bb5 Na5 18. Rxc8 Rxc8 19. d5 exd5 20. exd5 a6 21. d6 Qd8 22. d7 Ra8 23. Bc4 b5 24. Bxb5 axb5 25. Qxb5 Ba6 26. Qd5 Bf6 27. Ng3 Bb7 28. Qb5 Bc6 29. Qb6 Qxb6 30. Bxb6 Nb7 31. Rc1 Bxd7 32. Rc7 Bc8 33. Ne4 Bd8 34. Rc6 Bxb6 35. Rxb6 Rxa2 36. Nf6+ Kg7 37. f3 Rc2 38. g4 g5 39. Ne8+ Kf8 40. Nf6 h6 41. Nh7+ Ke8 42. Rxh6 Rc5 43. Rh5 Ke7 44. Nxg5 f6 45. Rh7+ Kd6 46. Ne4+ Kd5 47. Nxc5 Kxc5 48. Rc7+ 1-0

[Event "Montreal Mercredi 04"]
[Site "Montreal CAN"]
[Date "2009.04.08"]
[Round "2"]
[White "Plante, Michel"]
[Black "Forget, Luc"]
[Result "0-1"]
[WhiteElo "2110"]
[BlackElo "2083"]
[PlyCount "80"]
[GameId "2160767910223009"]
[EventDate "2009.04.01"]
[EventType "tourn"]
[EventRounds "5"]
[EventCountry "CAN"]
[SourceTitle "EXT 2011"]
[Source "ChessBase"]
[SourceDate "2011.11.26"]
[SourceVersion "1"]
[SourceVersionDate "2011.11.26"]
[SourceQuality "1"]

1. d4 Nf6 2. Nf3 d5 3. e3 g6 4. c4 Bg7 5. cxd5 O-O 6. Be2 Nxd5 7. e4 Nb6 8. a4 a5 9. O-O Nc6 10. Nc3 Nxd4 11. Nxd4 Bxd4 12. Nb5 c5 13. Nxd4 cxd4 14. Bh6 Re8 15. f4 Qd6 16. Bd3 f5 17. exf5 Bxf5 18. g4 Bxd3 19. Qxd3 Rad8 20. Rf2 Qe6 21. Rf3 Nc4 22. b3 Ne3 23. h3 Qd5 24. Kf2 Rc8 25. Kg3 Rc3 26. Rxe3 Rec8 27. Rd1 Rxd3 28. Rexd3 Rc2 29. Rxd4 Qg2+ 30. Kh4 Qf2+ 31. Kg5 Rc5+ 32. Rd5 Kf7 33. R1d3 Qb2 34. Kh4 Rxd5 35. Rxd5 Qxb3 36. Rxa5 Qe3 37. Re5 Qf2+ 38. Kg5 Qf3 39. h4 Qc6 40. f5 Qc1+ 0-1

[Event "Montreal Mercredi 04"]
[Site "Montreal CAN"]
[Date "2009.04.08"]
[Round "2"]
[White "Pregent, Daniel"]
[Black "Giroux, Robert"]
[Result "0-1"]
[WhiteElo "1821"]
[BlackElo "1934"]
[PlyCount "76"]
[GameId "2160767910223011"]
[EventDate "2009.04.01"]
[EventType "tourn"]
[EventRounds "5"]
[EventCountry "CAN"]
[SourceTitle "EXT 2011"]
[Source "ChessBase"]
[SourceDate "2011.11.26"]
[SourceVersion "1"]
[SourceVersionDate "2011.11.26"]
[SourceQuality "1"]

1. d4 Nf6 2. Nf3 e6 3. c4 c5 4. d5 exd5 5. cxd5 d6 6. Nc3 g6 7. e4 a6 8. a4 Bg7 9. h3 Nbd7 10. Bd3 Nh5 11. g4 Nhf6 12. Bf4 Qc7 13. Qe2 O-O 14. Nd2 Ne8 15. Nc4 Ne5 16. Nxe5 dxe5 17. Be3 Nd6 18. h4 f5 19. gxf5 gxf5 20. f3 Kh8 21. Kd2 Bd7 22. Rag1 c4 23. Bc2 f4 24. Bf2 b5 25. h5 b4 26. Rxg7 bxc3+ 27. bxc3 Kxg7 28. Bh4 Kf7 29. h6 Rg8 30. Qh2 Rg6 31. Bf2 Rag8 32. Qh5 Ne8 33. Rb1 Nf6 34. Qh1 Rg2 35. Ke1 Qa5 36. Rb4 Rxf2 37. Kxf2 Qc5+ 38. Kf1 Bh3+ 0-1

[Event "Montreal Mercredi 04"]
[Site "Montreal CAN"]
[Date "2009.04.15"]
[Round "3"]
[White "Forget, Luc"]
[Black "Pregent, Daniel"]
[Result "0-1"]
[WhiteElo "2083"]
[BlackElo "1821"]
[PlyCount "86"]
[GameId "2160767910223013"]
[EventDate "2009.04.01"]
[EventType "tourn"]
[EventRounds "5"]
[EventCountry "CAN"]
[SourceTitle "EXT 2011"]
[Source "ChessBase"]
[SourceDate "2011.11.26"]
[SourceVersion "1"]
[SourceVersionDate "2011.11.26"]
[SourceQuality "1"]

1. d4 Nf6 2. c4 e6 3. Nf3 b6 4. g3 Bb7 5. Bg2 c5 6. d5 exd5 7. Nh4 g6 8. Nc3 Bg7 9. cxd5 d6 10. O-O O-O 11. e4 a6 12. a4 Nbd7 13. h3 Nh5 14. Kh2 Bxc3 15. bxc3 b5 16. Rb1 Nb6 17. axb5 axb5 18. Nf5 Ba6 19. Re1 Nc4 20. Ne3 Ne5 21. f4 Nd7 22. Nf5 Nb6 23. Bf3 Na4 24. Bxh5 Nxc3 25. Bb2 b4 26. Bxc3 bxc3 27. Qc2 Qf6 28. Nh6+ Kg7 29. Ng4 Qd4 30. Ne3 Bd3 31. Qc1 Ra2+ 32. Kg1 Bxb1 33. Qxb1 Rb2 34. Qd1 Rd2 35. Qf3 c2 36. Bg4 Rb8 37. f5 Rb1 38. Kf1 Rxe1+ 39. Kxe1 c1=Q+ 40. Nd1 Qg1+ 41. Qf1 Rxd1+ 42. Bxd1 Qxd1+ 43. Kxd1 Qxf1+ 0-1

[Event "Montreal Mercredi 04"]
[Site "Montreal CAN"]
[Date "2009.04.15"]
[Round "3"]
[White "Gauthier, Luc"]
[Black "Crezegut, Anthony"]
[Result "1/2-1/2"]
[WhiteElo "1676"]
[BlackElo "1677"]
[PlyCount "44"]
[GameId "2160767910223014"]
[EventDate "2009.04.01"]
[EventType "tourn"]
[EventRounds "5"]
[EventCountry "CAN"]
[SourceTitle "EXT 2011"]
[Source "ChessBase"]
[SourceDate "2011.11.26"]
[SourceVersion "1"]
[SourceVersionDate "2011.11.26"]
[SourceQuality "1"]

1. e4 c5 2. Nc3 Nc6 3. f4 g6 4. Nf3 Bg7 5. Bb5 Na5 6. d4 a6 7. Be2 cxd4 8. Nxd4 d6 9. Be3 Nf6 10. e5 dxe5 11. fxe5 Nd5 12. Nxd5 Qxd5 13. Nf3 Qxd1+ 14. Rxd1 Nc6 15. Bb6 Bf5 16. Nd4 Nxd4 17. Bxd4 Bxc2 18. Rc1 Be4 19. O-O Bc6 20. Bf3 Rc8 21. Bxc6+ bxc6 22. Rc4 O-O 1/2-1/2

[Event "Montreal Mercredi 04"]
[Site "Montreal CAN"]
[Date "2009.04.15"]
[Round "3"]
[White "Giroux, Robert"]
[Black "Tremblay, Sigfrid"]
[Result "1-0"]
[WhiteElo "1934"]
[BlackElo "1867"]
[PlyCount "65"]
[GameId "2160767739316963"]
[EventDate "2009.04.01"]
[EventType "tourn"]
[EventRounds "5"]
[EventCountry "CAN"]

1. d4 Nf6 2. c4 g6 3. Nc3 Bg7 4. e4 d6 5. f4 O-O 6. Nf3 c5 7. d5 e6 8. Be2 exd5 9. exd5 a6 10. O-O b5 11. cxb5 axb5 12. Bxb5 Nbd7 13. f5 Bb7 14. fxg6 hxg6 15. Bc6 Qb6 16. Bxb7 Qxb7 17. Qd3 Ng4 18. Ng5 Bd4+ 19. Kh1 Rae8 20. Bd2 Ne3 21. Rxf7 Ne5 22. Rxb7 Nxd3 23. Bxe3 Rxe3 24. Nge4 Rf4 25. g3 Rfxe4 26. Nxe4 Rxe4 27. a4 Bxb2 28. Ra2 Rb4 29. Rc7 c4 30. a5 Nc5 31. a6 Nxa6 32. Rxa6 Bg7 33. Ra8+ {Time} 1-0

[Event "Montreal Mercredi 04"]
[Site "Montreal CAN"]
[Date "2009.04.15"]
[Round "3"]
[White "Millette, Sylvain"]
[Black "Brichko, Michael"]
[Result "1-0"]
[WhiteElo "1660"]
[BlackElo "1649"]
[PlyCount "123"]
[GameId "2160767910223015"]
[EventDate "2009.04.01"]
[EventType "tourn"]
[EventRounds "5"]
[EventCountry "CAN"]
[SourceTitle "EXT 2011"]
[Source "ChessBase"]
[SourceDate "2011.11.26"]
[SourceVersion "1"]
[SourceVersionDate "2011.11.26"]
[SourceQuality "1"]

1. Nf3 d5 2. g3 Nf6 3. Bg2 e6 4. O-O c5 5. d4 Nc6 6. c4 dxc4 7. Ne5 Nxe5 8. dxe5 Qxd1 9. Rxd1 Nd7 10. f4 Be7 11. Na3 c3 12. bxc3 a6 13. Nc4 Rb8 14. Nd6+ Bxd6 15. Rxd6 Ke7 16. Be3 b6 17. Rad1 Rd8 18. Bc6 c4 19. Bxd7 Rxd7 20. Rxd7+ Bxd7 21. Rd6 h6 22. Bxb6 Bb5 23. Bc5 Ke8 24. Rd2 Rd8 25. Rxd8+ Kxd8 26. Bf8 g5 27. Bxh6 gxf4 28. Bxf4 Ke7 29. Bg5+ Kf8 30. Kf2 Kg7 31. Bf6+ Kg6 32. h4 Kh5 33. Ke3 Kg6 34. Kd4 Kh7 35. Ke4 Kg8 36. Kd4 Ba4 37. Kxc4 Bc6 38. g4 Kh7 39. Kd4 Kg8 40. h5 Ba4 41. g5 Bd1 42. h6 Bxe2 43. Kc5 Bd3 44. Kb6 Kf8 45. Ka7 Ke8 46. Kb7 Be4+ 47. Kb8 Kd7 48. a4 Kc6 49. Kc8 Kb6 50. Bd8+ Kc6 51. Be7 Kb6 52. Kd8 Ka5 53. Ke8 Bg6 54. Kf8 Kxa4 55. Kg7 Kb3 56. Bb4 Kc2 57. h7 Bxh7 58. Kxh7 Kd3 59. Kg7 Ke4 60. Kxf7 Kxe5 61. g6 Kf5 62. g7 1-0

[Event "Montreal Mercredi 04"]
[Site "Montreal CAN"]
[Date "2009.04.15"]
[Round "3"]
[White "Wang, Kelly"]
[Black "Pozdnyakov, Alexander"]
[Result "0-1"]
[WhiteElo "1547"]
[BlackElo "1530"]
[PlyCount "28"]
[GameId "2160767910223016"]
[EventDate "2009.04.01"]
[EventType "tourn"]
[EventRounds "5"]
[EventCountry "CAN"]
[SourceTitle "EXT 2011"]
[Source "ChessBase"]
[SourceDate "2011.11.26"]
[SourceVersion "1"]
[SourceVersionDate "2011.11.26"]
[SourceQuality "1"]

1. e4 d5 2. exd5 Nf6 3. d4 Bg4 4. f3 Bf5 5. c4 e6 6. dxe6 Nc6 7. exf7+ Kxf7 8. Ne2 Nb4 9. Na3 Nd3+ 10. Kd2 Bb4+ 11. Nc3 Nf2 12. Qb3 Qxd4+ 13. Ke1 Rhe8+ 14. Be2 Nd3+ 0-1

[Event "Montreal Mercredi 04"]
[Site "Montreal CAN"]
[Date "2009.04.22"]
[Round "4"]
[White "Antoine, Vladimir"]
[Black "Gauthier, Luc"]
[Result "0-1"]
[WhiteElo "1653"]
[BlackElo "1676"]
[PlyCount "66"]
[GameId "2160767910223017"]
[EventDate "2009.04.01"]
[EventType "tourn"]
[EventRounds "5"]
[EventCountry "CAN"]
[SourceTitle "EXT 2011"]
[Source "ChessBase"]
[SourceDate "2011.11.26"]
[SourceVersion "1"]
[SourceVersionDate "2011.11.26"]
[SourceQuality "1"]

1. e4 Nf6 2. e5 Nd5 3. c4 Nb6 4. d4 d6 5. exd6 exd6 6. Nc3 Be7 7. Bd3 Nc6 8. Nge2 Bf6 9. Be3 Bg4 10. f3 Bh5 11. O-O Bg6 12. Bxg6 hxg6 13. b3 O-O 14. Rc1 Re8 15. Bf2 d5 16. c5 Nc8 17. Qd3 N8e7 18. g4 g5 19. a3 Ng6 20. b4 a6 21. b5 Na5 22. Rb1 Nc4 23. bxa6 Rxa6 24. Nb5 c6 25. Nd6 Nxd6 26. cxd6 Qxd6 27. Rxb7 Rxa3 28. Qc2 Rxf3 29. Re1 Rxf2 30. Kxf2 Qxh2+ 31. Kf1 Nh4 32. Rc1 Qg2+ 33. Ke1 Nf3+ 0-1

[Event "Montreal Mercredi 04"]
[Site "Montreal CAN"]
[Date "2009.04.22"]
[Round "4"]
[White "Crezegut, Anthony"]
[Black "Millette, Sylvain"]
[Result "0-1"]
[WhiteElo "1677"]
[BlackElo "1660"]
[PlyCount "84"]
[GameId "2160767910223019"]
[EventDate "2009.04.01"]
[EventType "tourn"]
[EventRounds "5"]
[EventCountry "CAN"]
[SourceTitle "EXT 2011"]
[Source "ChessBase"]
[SourceDate "2011.11.26"]
[SourceVersion "1"]
[SourceVersionDate "2011.11.26"]
[SourceQuality "1"]

1. Nf3 Nf6 2. c4 g6 3. Nc3 Bg7 4. e4 d6 5. d4 O-O 6. h3 c5 7. d5 e5 8. g4 Ne8 9. Bd3 f5 10. gxf5 gxf5 11. exf5 Bxf5 12. Bxf5 Rxf5 13. Rg1 Qf6 14. Ne4 Qf7 15. Nfg5 Qg6 16. Kf1 Nd7 17. Ne6 Qh5 18. Qg4 Qxg4 19. Rxg4 Ndf6 20. Nxf6+ Rxf6 21. Ke2 Rg6 22. Rxg6 hxg6 23. Bg5 Nf6 24. Bxf6 Bxf6 25. Nc7 Rd8 26. Nb5 a6 27. Nc3 Kf7 28. a4 Rh8 29. Rh1 Rh4 30. f3 Rxc4 31. Kd3 Rb4 32. Kc2 e4 33. Nxe4 Rxb2+ 34. Kc1 Ra2 35. Nxd6+ Ke7 36. Re1+ Kxd6 37. Re6+ Kxd5 38. Rxf6 Rxa4 39. Rxg6 Rh4 40. Rg5+ Kc6 41. Rg3 Kb5 42. Kd2 a5 0-1

[Event "Montreal Mercredi 04"]
[Site "Montreal CAN"]
[Date "2009.04.22"]
[Round "4"]
[White "Forget, Luc"]
[Black "Levkovsky, Alexandre"]
[Result "0-1"]
[WhiteElo "2083"]
[BlackElo "2074"]
[PlyCount "56"]
[GameId "2160767910223020"]
[EventDate "2009.04.01"]
[EventType "tourn"]
[EventRounds "5"]
[EventCountry "CAN"]
[SourceTitle "EXT 2011"]
[Source "ChessBase"]
[SourceDate "2011.11.26"]
[SourceVersion "1"]
[SourceVersionDate "2011.11.26"]
[SourceQuality "1"]

1. d4 d5 2. c4 dxc4 3. e4 e5 4. d5 Nf6 5. Nc3 c6 6. Nf3 Bb4 7. Bg5 Qa5 8. Bd2 Qc5 9. Nxe5 cxd5 10. exd5 O-O 11. Nxc4 Bg4 12. Be3 Qxd5 13. Qxd5 Nxd5 14. a3 Bxc3+ 15. bxc3 Nxe3 16. Nxe3 Be6 17. Be2 Nd7 18. O-O Rac8 19. c4 Rc5 20. Rab1 b6 21. f4 f5 22. Rfd1 Nf6 23. Rb5 Rfc8 24. Nd5 Kf7 25. Nxf6 Kxf6 26. Rxc5 Rxc5 27. Rd4 Ra5 28. Rd3 Bxc4 0-1

[Event "Montreal Mercredi 04"]
[Site "Montreal CAN"]
[Date "2009.04.22"]
[Round "4"]
[White "Plante, Michel"]
[Black "Giroux, Robert"]
[Result "1/2-1/2"]
[WhiteElo "2110"]
[BlackElo "1934"]
[PlyCount "185"]
[GameId "2160767910223021"]
[EventDate "2009.04.01"]
[EventType "tourn"]
[EventRounds "5"]
[EventCountry "CAN"]
[SourceTitle "EXT 2011"]
[Source "ChessBase"]
[SourceDate "2011.11.26"]
[SourceVersion "1"]
[SourceVersionDate "2011.11.26"]
[SourceQuality "1"]

1. d4 Nf6 2. Nf3 e6 3. Nbd2 c5 4. e3 b6 5. Bd3 Bb7 6. O-O Be7 7. c3 Nc6 8. e4 cxd4 9. cxd4 Nb4 10. Bb1 Ba6 11. Re1 Nd3 12. Bxd3 Bxd3 13. d5 Qc8 14. d6 Bd8 15. Nd4 O-O 16. Re3 Ba6 17. Rc3 Qb8 18. e5 Nd5 19. Rg3 f5 20. N2f3 f4 21. Rh3 Qb7 22. Nd2 Nb4 23. Qh5 Bd3 24. a3 Bg6 25. Qe2 Na6 26. b4 Rc8 27. Bb2 Nc5 28. bxc5 bxc5 29. N4b3 c4 30. Nxc4 f3 31. Rxf3 Rxf3 32. Qxf3 Qxf3 33. gxf3 Rxc4 34. Rc1 Bc2 35. Nd4 Bd3 36. Rxc4 Bxc4 37. Nc2 Bb3 38. Nd4 Ba4 39. Ne2 Bc6 40. Kg2 Bg5 41. Kg3 Kf7 42. Bd4 a6 43. Be3 Bd8 44. Nd4 Bd5 45. Ne2 Ba5 46. Bd4 Bc4 47. Nf4 Bd2 48. Nh3 h6 49. f4 Bc1 50. Bc5 Bd5 51. Ng1 Bc4 52. Nf3 Bd5 53. Ng1 Bc4 54. Nf3 Bd5 55. Nd4 Bb2 56. Nc2 Bb3 57. Ne3 Bc1 58. Ng2 Bd5 59. Ne1 Bc4 60. Nc2 Bb3 61. Nd4 Bd5 62. f5 Bb2 63. fxe6+ Bxe6 64. Kf4 Bxd4 65. Bxd4 Bd5 66. h4 Ke6 67. h5 Bb3 68. Bb6 Bd1 69. f3 Bc2 70. Bd8 Bb3 71. Be7 Kf7 72. Ke3 g6 73. hxg6+ Kxg6 74. Kf4 h5 75. Bf6 Bd5 76. Bh4 Be6 77. Ke4 Bb3 78. f4 Be6 79. Bg5 Bf5+ 80. Kd5 Kf7 81. Bh4 Be6+ 82. Ke4 Kg6 83. Bg5 Bf5+ 84. Kd4 Be6 85. Kc5 Kf5 86. Kb6 h4 87. Bxh4 Kxf4 88. Kxa6 Kxe5 89. Bg3+ Kd4 90. a4 Kc5 91. a5 Kc6 92. Ka7 Bc4 93. Bh2 1/2-1/2

[Event "Montreal Mercredi 04"]
[Site "Montreal CAN"]
[Date "2009.04.22"]
[Round "4"]
[White "Pregent, Daniel"]
[Black "Tremblay, Sigfrid"]
[Result "1-0"]
[WhiteElo "1821"]
[BlackElo "1867"]
[PlyCount "66"]
[GameId "2160767910223022"]
[EventDate "2009.04.01"]
[EventType "tourn"]
[EventRounds "5"]
[EventCountry "CAN"]
[SourceTitle "EXT 2011"]
[Source "ChessBase"]
[SourceDate "2011.11.26"]
[SourceVersion "1"]
[SourceVersionDate "2011.11.26"]
[SourceQuality "1"]

1. d4 e6 2. Nf3 f5 3. c4 Nf6 4. Nc3 d6 5. e3 Be7 6. Bd3 O-O 7. b3 c5 8. O-O Nc6 9. Bb2 e5 10. Bb1 e4 11. Ng5 cxd4 12. exd4 d5 13. Nh3 dxc4 14. d5 Nb4 15. bxc4 Ng4 16. Nb5 a6 17. d6 axb5 18. dxe7 Qxe7 19. cxb5 Rd8 20. Qe2 Qd6 21. g3 Be6 22. Ng5 Bd5 23. a3 h6 24. Nxe4 Qe7 25. Nf6+ Qxf6 26. Bxf6 Nxf6 27. Bxf5 Re8 28. Qd2 Re5 29. Bh3 Rh5 30. Bg2 Bxg2 31. Kxg2 Nbd5 32. a4 Ne4 33. Qe2 Nec3 1-0

[Event "Montreal Mercredi 04"]
[Site "Montreal CAN"]
[Date "2009.04.29"]
[Round "5"]
[White "Brichko, Michael"]
[Black "Crezegut, Anthony"]
[Result "0-1"]
[WhiteElo "1649"]
[BlackElo "1677"]
[PlyCount "64"]
[GameId "2160767910223023"]
[EventDate "2009.04.01"]
[EventType "tourn"]
[EventRounds "5"]
[EventCountry "CAN"]
[SourceTitle "EXT 2011"]
[Source "ChessBase"]
[SourceDate "2011.11.26"]
[SourceVersion "1"]
[SourceVersionDate "2011.11.26"]
[SourceQuality "1"]

1. d4 d5 2. c4 e6 3. Nc3 c6 4. Nf3 dxc4 5. e3 b5 6. a4 Bb4 7. Be2 Qb6 8. Bd2 Nf6 9. O-O Nbd7 10. b3 Bxc3 11. Bxc3 b4 12. a5 Qb8 13. Bb2 c3 14. Bc1 O-O 15. Qc2 c5 16. Rd1 Bb7 17. h3 Be4 18. Qa2 Bc6 19. dxc5 Nxc5 20. Nd4 Bd5 21. Bf3 Bxf3 22. Nxf3 Rd8 23. Rxd8+ Qxd8 24. Qc2 Qd3 25. Qxd3 Nxd3 26. Nd4 Ne4 27. g3 Nec5 28. Rb1 e5 29. Nc2 Rd8 30. Kf1 Nxc1 31. Rxc1 Nxb3 32. Re1 Nd2+ 0-1

[Event "Montreal Mercredi 04"]
[Site "Montreal CAN"]
[Date "2009.04.29"]
[Round "5"]
[White "Gauthier, Luc"]
[Black "Chesnut, Walter"]
[Result "1-0"]
[WhiteElo "1676"]
[BlackElo "1657"]
[PlyCount "67"]
[GameId "2160767910223025"]
[EventDate "2009.04.01"]
[EventType "tourn"]
[EventRounds "5"]
[EventCountry "CAN"]

1. e4 e5 2. Nc3 Nc6 3. f4 Bc5 4. Nf3 d6 5. Bb5 Bg4 6. h3 Bxf3 7. Qxf3 Nf6 8. d3 O-O 9. Bxc6 bxc6 10. fxe5 dxe5 11. Bg5 Be7 12. O-O Rb8 13. Rab1 h6 14. Be3 Nh7 15. Qg3 Ng5 16. Bxa7 Rb7 17. Be3 Qb8 18. h4 Ne6 19. Bxh6 Rxb2 20. h5 Bh4 21. Qxh4 gxh6 22. Qg3+ Ng7 23. Qxe5 Qa7+ 24. Kh2 Rxc2 25. Rf3 Qa3 26. Rb3 Qd6 27. Qxd6 cxd6 28. Rf6 Ne6 29. Ra3 Kg7 30. Rf3 Ng5 31. Rg3 Kf6 32. Nd1 Ke5 33. Ne3 Rf2 34. Ng4+ 1-0

[Event "Montreal Mercredi 04"]
[Site "Montreal CAN"]
[Date "2009.04.29"]
[Round "5"]
[White "Giroux, Robert"]
[Black "Forget, Luc"]
[Result "1/2-1/2"]
[WhiteElo "1934"]
[BlackElo "2083"]
[PlyCount "127"]
[GameId "2160767910223027"]
[EventDate "2009.04.01"]
[EventType "tourn"]
[EventRounds "5"]
[EventCountry "CAN"]
[SourceTitle "EXT 2011"]
[Source "ChessBase"]
[SourceDate "2011.11.26"]
[SourceVersion "1"]
[SourceVersionDate "2011.11.26"]
[SourceQuality "1"]

1. e4 e5 2. d4 exd4 3. Qxd4 Nc6 4. Qe3 g6 5. Nc3 Bg7 6. Bd2 d6 7. Bc4 Nf6 8. f3 O-O 9. O-O-O Be6 10. Bxe6 fxe6 11. Nh3 Qd7 12. Qe2 a6 13. Nf4 b5 14. Rde1 Qf7 15. Kb1 Nd7 16. h4 Nde5 17. h5 Nc4 18. Nd3 Nxd2+ 19. Qxd2 Rab8 20. hxg6 hxg6 21. f4 a5 22. e5 Nb4 23. g4 Nxd3 24. Qxd3 b4 25. Ne4 Qxf4 26. exd6 Qe5 27. Nc3 Qxd6 28. Qxd6 cxd6 29. Ne4 Be5 30. Ng5 a4 31. Nxe6 Rf2 32. Rhf1 Rxf1 33. Rxf1 Re8 34. Nc7 Rf8 35. Rxf8+ Kxf8 36. Nd5 Kf7 37. Nxb4 Kf6 38. Nd3 Bd4 39. Ne1 Bf2 40. Nf3 Ke6 41. Kc1 Kd5 42. Kd2 Ke4 43. Ke2 Be3 44. c4 Bc1 45. b4 axb3 46. axb3 Ba3 47. g5 Kf4 48. Kf2 Bc5+ 49. Ke2 Kg4 50. Nd2 Kxg5 51. Ne4+ Kf4 52. Nc3 g5 53. b4 Bd4 54. Nd5+ Ke4 55. b5 g4 56. b6 g3 57. b7 Ba7 58. Nc3+ Kf4 59. Nd5+ Kg4 60. Ne3+ Kf4 61. Ng2+ Ke4 62. Nh4 Kd4 63. Nf5+ Kxc4 64. Nxg3 1/2-1/2